Normal view MARC view
  • MANAGEMENT CONSULTANCY

Entry Topical Term

Number of records used in: 1

001 - CONTROL NUMBER

  • control field: 64890

003 - CONTROL NUMBER IDENTIFIER

  • control field: NUST

005 - DATE AND TIME OF LATEST TRANSACTION

  • control field: 20210628203340.0

008 - FIXED-LENGTH DATA ELEMENTS

  • fixed length control field: 210628|| aca||aabn | a|a d

040 ## - CATALOGING SOURCE

  • Original cataloging agency: NUST
  • Transcribing agency: NUST

150 ## - HEADING--TOPICAL TERM

  • Topical term or geographic name entry element: MANAGEMENT CONSULTANCY

670 ## - SOURCE DATA FOUND

  • Source citation: Work cat.: (NUST): Reuvid, Jonathan:Curnow, Barry 64889, The international guide to management consultancy;the evolution, practice and structure of management consultancy worldwide, 2003
© 2023 Central Library, National University of Sciences and Technology. All Rights Reserved.